| 000 -LEADER |
| fixed length control field |
01000nam a22002177a 4500 |
| 003 - CONTROL NUMBER IDENTIFIER |
| control field |
OSt |
| 005 - DATE AND TIME OF LATEST TRANSACTION |
| control field |
20260127153434.0 |
| 008 - FIXED-LENGTH DATA ELEMENTS--GENERAL INFORMATION |
| fixed length control field |
230719b ||||| |||| 00| 0 eng d |
| 040 ## - CATALOGING SOURCE |
| Transcribing agency |
SSBUL |
| 041 ## - LANGUAGE CODE |
| Language code of text/sound track or separate title |
Shan |
| 082 ## - DEWEY DECIMAL CLASSIFICATION NUMBER |
| Edition number |
23 |
| Classification number |
294.3824 |
| 100 0# - MAIN ENTRY--PERSONAL NAME |
| Personal name |
ဝိလႃသ၊ |
| Titles and words associated with a name |
ၸဝ်ႈသြႃႇဢူး။ |
| 245 10 - TITLE STATEMENT |
| Title |
မူၵျၢမ်းသၢင်းၵျူဝ်ႇၽၢႆႇတႆး ပထမတွႆး - |
| Remainder of title |
ဢၽိထမ်မတ်ႉထသရူပတီပၼီ / |
| Statement of responsibility, etc. |
ၶပ်းၶိုင် - ၸဝ်ႈသြႃႇဢူးဝိလႃသ။ |
| 260 ## - PUBLICATION, DISTRIBUTION, ETC. |
| Place of publication, distribution, etc. |
ဝဵင်းသီႇပေႃႉ၊ |
| Name of publisher, distributor, etc. |
တိူၵ်ႈပူင်ႇၼဵၵ်ႉ လႅင်းပၢင်ႇ မိူင်းတႆး၊ |
| Date of publication, distribution, etc. |
1956 ။ |
| 300 ## - PHYSICAL DESCRIPTION |
| Extent |
141 ၼႃႈ၊ |
| Dimensions |
18 ၸိၼ်ႇတီႇ။ |
| 500 ## - GENERAL NOTE |
| General note |
S-SAT: Dr. Prof Sai Aung Tun |
| 650 ## - SUBJECT ADDED ENTRY--TOPICAL TERM |
| Topical term or geographic name entry element |
ဢၽိထမ်ႇမႃႇ - ပိတၵၢတ်ႈ |
| 942 ## - ADDED ENTRY ELEMENTS (KOHA) |
| Koha item type |
Books (Long term) |
| 100 0# - MAIN ENTRY--PERSONAL NAME |
| 9 (RLIN) |
28144 |
| 650 ## - SUBJECT ADDED ENTRY--TOPICAL TERM |
| 9 (RLIN) |
28145 |
|
| Source of classification or shelving scheme |
|
|
| Source of classification or shelving scheme |
|